000 00500nam a22001937a 4500
003 OSt
005 20140310182230.0
008 130911t xxu||||| |||| 00| 0 eng d
020 _a9780002228909
050 _aPR 6052
_b.B146 1985
082 _aFIC
_bB14j 1985
100 _aBagley, Desmond
_918060
245 _aJuggernaut /
_c Desmond Bogley.
260 _aLondon :
_b Collins,
_cc1985.
300 _a320 p. ;
_c24 cm.
650 _a Fiction.
_9746
942 _2lcc
_cFIC
999 _c10886
_d10886